[Event "POR-chT 1st Divison 2018"]
[Site "Maia"]
[Date "2018.07.17"]
[Round "2"]
[White "Ferreira, Jorge"]
[Black "Larino Nieto, David"]
[Result "1/2-1/2"]
[WhiteElo "2522"]
[BlackElo "2423"]
[Annotator "TA"]
[PlyCount "110"]
[EventDate "2018.07.16"]
[EventType "team-tourn"]
[EventCountry "POR"]
[SourceTitle "playchess.com"]
[Source "ChessBase"]
[SourceQuality "1"]

{[%evp 9,110,64,64,62,45,52,77,76,130,129,175,95,78,91,108,33,132,134,252,221,243,264,245,254,239,256,241,235,226,212,203,237,236,222,222,222,197,197,180,211,198,204,179,91,91,87,110,104,183,3,2,0,179,0,3,4,6,2,131,136,112,140,130,0,0,0,0,-16,0,0,0,-16,0,0,0,0,0,0,0,0,0,-16,-16,-16,-16,-16,-16,-16,-16,-14,-14,-16,-11,-14,-11,-14,-14,-14,0,0,0,0,0]} 1. c4 e6 2. g3 h5 (2... d5 3. Bg2 Nf6 4. Nf3 Be7 5. O-O O-O 6. b3 c5 7. cxd5 Nxd5 8. Nc3 Nc6 9. Bb2 Nxc3 10. dxc3 Qc7 11. Qc2 b6 12. Bc1 Bb7 13. Bf4 Qc8 14. Rad1 Rd8 15. h4 h6 16. Rxd8+ Nxd8 17. Rd1 {1-0 (59) Karjakin,S (2753)-Kramnik,V (2787) Wijk aan Zee 2018}) 3. Nf3 g5 $146 ({Predecessor:} 3... Be7 4. h4 Nf6 5. Bg2 b6 6. Ne5 c6 7. Nc3 Qc7 8. d4 d6 9. Nd3 e5 10. dxe5 dxe5 {0-1 (36) Niksic,J (1668)-Sargac,R (2134) Osijek 2012}) 4. h3 Qf6 5. d4 g4 6. Nh4 {A13: English Opening: 1...e6} Nc6 7. e3 Nh6 8. Nc3 {White is better.} Bb4 ({Better is} 8... b6) 9. Bd2 $16 d5 10. a3 (10. cxd5 $18 Bxc3 11. dxc6 (11. bxc3 exd5 12. Qb3 gxh3 $16) 11... Bxd2+ 12. Qxd2) 10... Bxc3 11. Bxc3 Ne7 12. Be2 ({White should try} 12. hxg4 $16 Nxg4 13. Qd2) 12... dxc4 (12... Bd7 $14) 13. e4 $1 (13. hxg4 $6 Nxg4 14. Bxg4 hxg4 $14) 13... b5 (13... gxh3 $16 14. Bxh5 (14. Rxh3 Ng4 $14) 14... e5) 14. hxg4 $18 hxg4 15. d5 e5 16. a4 Bd7 17. axb5 Nc8 18. Bxc4 Nd6 19. Qe2 Ng8 20. Bd3 Ne7 21. Kd2 Rb8 22. Rxa7 Bxb5 23. Rxc7 Bxd3 24. Kxd3 (24. Qxd3 $6 Qxf2+ 25. Kd1 Rh5 $14) 24... Nb5 25. Rxe7+ Kxe7 26. Nf5+ (26. Qxg4 $18 Nxc3 27. bxc3 (27. Nf5+ Kd7 $16)) 26... Kd7 $16 27. Rxh8 Nxc3 28. Qxg4 (28. Rxb8 $6 Nxe2 29. Kxe2 Qa6+ 30. Ke1 Kc7 $11) (28. bxc3 $6 Qa6+ 29. Ke3 Qa7+ 30. Kd3 Qa6+ 31. Ke3 Qb6+ 32. Kd2 Qb2+ 33. Kd3 Qb1+ 34. Qc2 Qf1+ 35. Ke3 Qe1+ 36. Kd3 Qf1+ 37. Qe2 Qb1+ 38. Qc2 Qf1+ $11) 28... Nxe4 (28... Qa6+ $16 {might work better.} 29. Ke3 (29. Kxc3 Qa5+ 30. Kc2 Qa4+ 31. Kb1 Rxh8 $11) 29... Rxh8) 29. Ne3+ $2 (29. Kxe4 Qxh8 30. Kd3 Qf6 $11) (29. Qxe4 Qa6+ 30. Kc3 Qa5+ 31. b4 Qa3+ 32. Kc2 Rxb4 $17) ({White has to play} 29. Nh6+ $1 $18 Kc7 30. Qxe4 Rxh8 31. Nxf7 $1 {[%mdl 512]} Qa6+ 32. Kc3 Qa5+ 33. Kc2) 29... Ke7 $1 $11 30. Nf5+ $2 (30. Qxe4 $11 Qxh8 31. f4) 30... Kd7 $18 31. Ne3+ $2 ({Inferior is} 31. Kxe4 Qxh8 32. Kd3 Qf6 $11) (31. Qxe4 Qa6+ 32. Kc3 Qa5+ 33. Kd3 Qa6+ 34. Kc3 Qa5+ 35. Kc2 Rxh8 $11) (31. Nh6+ $1 $18 Kc7 32. Qxe4 Rxh8 33. Nxf7 $1 {[%mdl 512]} Qa6+ 34. Kc3 Qa5+ 35. Kc2) 31... Ke7 $1 $132 {[%mdl 2048] Black is not keeping still} 32. Qxe4 Qxh8 {[%mdl 4096] Endgame KQR-KQN} 33. Nc4 f6 {[#]} (33... Qh5 $11 {remains equal.}) 34. Qf5 $1 $16 Qg8 35. d6+ Ke8 {[#]} 36. Qe4 ({Only move:} 36. Kc3 $1 $16 Qd5 37. Qh5+ Qf7 38. Qh3) 36... Kf8 $11 {The position is equal.} 37. Qc6 Qg4 {White must now prevent ...Rc8.} 38. Qc7 Qd1+ 39. Ke4 Qg4+ 40. Kd3 Qf3+ 41. Ne3 Rb3+ 42. Kc4 {White threatens d7 and mate.} Rb7 43. Qc8+ Kf7 44. Kc3 Qe4 {( -> ...Qd4+)} 45. Qc4+ Qxc4+ 46. Nxc4 {KR-KN} Ke6 47. b4 Kd5 48. Kb3 Rb8 49. Kc3 Kc6 50. f4 e4 51. g4 Kd5 52. g5 fxg5 ({Don't go for} 52... Rc8 $2 53. d7 $18) 53. fxg5 Rh8 {...Rh3+ is the strong threat.} 54. d7 Ke6 55. Kd4 Kxd7 {Precision: White = 59%, Black = 54%.} 1/2-1/2

[Event "POR-chT 1st Divison 2018"]
[Site "Maia"]
[Date "2018.07.17"]
[Round "2"]
[White "Ftacnik, Lubomir"]
[Black "Marchena Hurtado, Javier"]
[Result "1/2-1/2"]
[WhiteElo "2514"]
[BlackElo "2354"]
[Annotator "TA"]
[PlyCount "57"]
[EventDate "2018.07.16"]
[EventType "team-tourn"]
[EventCountry "POR"]
[SourceTitle "playchess.com"]
[Source "ChessBase"]
[SourceQuality "1"]

{[%evp 19,57,34,32,13,24,0,33,5,71,57,65,37,54,24,38,33,37,20,33,41,105,11,25,2,103,111,109,93,64,21,65,68,81,-78,-78,-78,-77,-77,-76,-69]} 1. Nf3 d5 2. d4 Nf6 3. c4 c6 4. Nc3 a6 5. Qc2 e6 (5... g6 6. Bg5 Be6 7. e4 dxe4 8. Nxe4 Nbd7 9. Nxf6+ exf6 10. Bd2 Bg7 11. Be2 O-O 12. O-O Bf5 13. Qb3 {1-0 (40) Gelfand,B (2695)-Artemiev,V (2704) Poikovsky 2018}) 6. e4 {D15: Slav Defence: 4 Nc3 a6 and gambit lines after 4 Nc3 dxc4} dxe4 7. Nxe4 Nbd7 8. Nxf6+ $146 ({Predecessor:} 8. Bd3 c5 9. Nxf6+ Nxf6 10. Be3 cxd4 11. Bxd4 Bb4+ 12. Ke2 Be7 {½-½ (23) Cramling,P (2492)-Roos,D (2404) France 2001}) 8... Nxf6 9. Bd2 c5 10. dxc5 Bxc5 {LiveBook: 3 Games} 11. b4 Be7 12. Bd3 O-O 13. O-O Bd7 (13... b5 $11) 14. Bc3 h6 15. Ne5 Qc7 16. Rad1 Rfd8 17. Rfe1 Be8 18. a3 Rac8 19. Qe2 b5 (19... b6 $14) 20. Rc1 (20. c5 $16) 20... bxc4 $11 21. Bxc4 Qb6 (21... Nd5 $11 22. Bd2 Qd6) 22. Bxa6 $16 Ra8 {[#]} 23. Bd3 $1 Nd5 24. Bd2 Qd4 25. Rc4 Qb2 26. Nc6 $2 (26. Bc1 $16 {stays on course.} Qxe2 27. Bxe2 (27. Rxe2 Bb5 $17)) 26... Bxc6 $1 $17 {Black is better.} 27. Rxc6 Rxa3 28. Rb1 Qd4 29. Bc2 {Precision: White = 22%, Black = 42%.} 1/2-1/2

[Event "POR-chT 1st Divison 2018"]
[Site "Maia"]
[Date "2018.07.17"]
[Round "2"]
[White "Cuenca Jimenez, Jose Fernando"]
[Black "Silva, Luis"]
[Result "0-1"]
[WhiteElo "2513"]
[BlackElo "2360"]
[Annotator "TA"]
[PlyCount "176"]
[EventDate "2018.07.16"]
[EventType "team-tourn"]
[EventCountry "POR"]
[SourceTitle "playchess.com"]
[Source "ChessBase"]
[SourceQuality "1"]

{[%evp 18,176,31,0,8,-17,-20,-20,-18,-17,-23,-23,-19,-25,-19,-25,-22,-36,-12,-32,-18,-15,-13,-20,0,0,0,0,0,0,0,0,25,-25,-25,-45,-39,-47,-47,-53,0,-6,-6,-47,-47,-47,-6,-53,-6,-53,-16,-53,-6,-47,0,-40,-6,-6,-6,-6,-6,-29,-29,-30,-29,-35,-27,-32,-14,-41,-29,-44,-44,-49,0,0,0,0,0,0,0,0,0,0,68,0,0,0,0,0,0,0,0,0,0,0,0,-13,-13,-13,-13,-13,-28,-30,-34,-52,-14,-19,-25,-102,0,0,0,0,0,0,0,-260,-150,-235,0,0,0,-182,-106,-392,-335,-572,-547,-581,-581,-565,-544,-574,-563,-514,-498,-753,-710,-12836,-12832,-12832,-12831,-12834,-12835,-12835,-12835,-12836,-12836,-12841,-12842,-12843,-12843,-12845,-12846,-12846,-12847,-12847,-12847,-12849,-12848]} 1. c4 e6 2. Nf3 d5 3. d4 Nf6 4. Nc3 a6 5. cxd5 exd5 6. Bg5 {D37: Queen's Gambit Declined: 5 Bf4} Be6 7. e3 Nbd7 8. Bd3 Bd6 9. O-O c6 (9... O-O 10. Rc1 c6 11. Bf4 Bxf4 12. exf4 Bg4 13. Be2 Bxf3 14. Bxf3 {1-0 (122) Nakamura,H (2769)-Caruana,F (2816) Paris 2018}) 10. Qc2 {LiveBook: 13 Games} Qc7 11. Bf5 Bxf5 12. Qxf5 O-O 13. Rac1 $146 ({Predecessor:} 13. h3 Rae8 14. Bxf6 Nxf6 {½-½ (27) Nagy,G (2403)-Pap,G (2551) Hastings 2016}) 13... Rfe8 14. Bh4 h6 15. Bg3 Bxg3 16. hxg3 Qd6 17. Qf4 Qb4 18. Rc2 Re6 19. a3 {[%cal Ba2a3,Ba3a4,Ba4a5][%mdl 32]} Qe7 (19... Qb6 {seems wilder.} 20. Rfc1 Qd8 21. Qh4 Re8 22. Ne1 Ne4) 20. Qc7 Nf8 21. Qxe7 Rxe7 22. b4 N8d7 23. a4 Nb6 24. Nd2 Ne8 25. a5 Nd7 26. Na4 Nd6 27. Nc5 Nf6 28. Rfc1 Nfe4 (28... h5 $15) 29. Ndb3 h5 30. Nd3 g6 31. Nbc5 Kg7 32. Nf4 Nf5 33. Rb2 Kh6 34. Nfd3 Nfd6 35. Rbc2 Kg7 (35... Nf6 {looks sharper.} 36. Kf1 Nb5 37. Na4 Ng4 38. Nb6 Rae8) 36. Re1 Nc4 (36... Nf6 {is interesting.} 37. f3 Nfe8 38. Rcc1 Nb5 39. Kf2 Ned6) 37. Nxe4 Rxe4 38. Nc5 Re7 39. e4 Nd6 {[%cal Rd5e4]} 40. e5 Nf5 41. Rd2 Rae8 42. Rd3 g5 43. Kh2 Kg6 44. f3 Rh8 45. Rc1 Rc8 46. g4 hxg4 47. fxg4 Rh8+ 48. Kg1 Nh6 $1 49. Rh3 Rh7 50. Rg3 f5 (50... f6 $1 $11) 51. exf6 (51. Nxb7 $1 $14 f4 52. Rxc6+ Kg7 53. Rh3 Rxb7 54. Rh5 (54. Rxa6 Nxg4 55. Rc3 Rh6 $15)) 51... Kxf6 $11 52. Rf1+ Kg7 53. Rff3 Rh8 54. Re3 Rhe8 55. Rxe7+ Rxe7 {[%mdl 4096] Endgame KRN-KRN} 56. Kf1 Ng8 57. Rf3 Nf6 58. Rf5 Ne4 59. Kg1 $1 Nxc5 60. bxc5 {KR-KR} Re4 61. Rxg5+ Kf6 62. Rg8 $1 Rxd4 63. g5+ (63. Kf2 $11 {keeps the balance.}) 63... Kf7 ({Black should try} 63... Kf5 $17 {White must now prevent ...Ra4.} 64. g6 Kf6) 64. Rb8 Rb4 {And now ...Rb5 would win.} 65. Kf2 Kg6 {Strongly threatening ...Ra4.} 66. Rg8+ Kf5 67. g6 $2 {[%mdl 8192]} (67. Rg7 $11) 67... Kf6 (67... Rb5 $19 68. Ke3 Rxa5) 68. Kf3 (68. Ke3 $17 {was called for.}) 68... Rc4 $2 (68... Ra4 $1 $19 69. g3 Rxa5) 69. Rb8 Rb4 $2 ({Resist} 69... Rxc5 70. Rxb7 Kxg6 71. Rb6 $15) (69... Rc3+ $11 70. Kg4 Kxg6 71. Rxb7 Rc4+ 72. Kf3 Rxc5) 70. Rg8 $19 {[#]} Kg5 ({Better is} 70... Ra4 $1 $19 71. Rb8 Kxg6 72. Rxb7 Rxa5) 71. g3 $2 {[%mdl 8192]} (71. Ke3 $17) 71... Rb3+ 72. Kg2 $2 (72. Kf2) 72... Rb5 {Black is clearly winning.} 73. Kf3 Rxa5 74. g7 {White threatens Rf8 and mate.} Kf6 75. Rb8 Kxg7 76. Rxb7+ Kf6 77. Rb6 (77. Rb8 $142 Rxc5 78. Rf8+ Ke5 79. Re8+ Kd4 80. g4) 77... Rxc5 78. Rxa6 Rc3+ 79. Kf4 Rc4+ 80. Kf3 Ke5 81. Ra3 c5 {[%cal Bc6c5,Bc5c4,Bc4c3,Bc3c2][%mdl 32]} 82. Re3+ Re4 83. Ra3 c4 84. Ra8 c3 85. Rc8 {[#]} Kd4 $1 {[%cal Rd4d3]} ({And not} 85... Rc4 86. Rxc4 dxc4 87. Ke2 $11) 86. g4 Kd3 87. g5 c2 {( -> ...Rc4)} 88. g6 Rc4 {Precision: White = 37%, Black = 59%.} 0-1

[Event "POR-chT 1st Divison 2018"]
[Site "Maia"]
[Date "2018.07.17"]
[Round "2"]
[White "Galego, Luis"]
[Black "Gargatagli, Hipolito Asis"]
[Result "1/2-1/2"]
[WhiteElo "2471"]
[BlackElo "2538"]
[Annotator "TA"]
[PlyCount "33"]
[EventDate "2018.07.16"]
[EventType "team-tourn"]
[EventCountry "POR"]
[SourceTitle "playchess.com"]
[Source "ChessBase"]
[SourceQuality "1"]

{[%evp 13,33,-18,0,-6,-7,-2,-16,-12,-10,-13,-20,-16,-7,-11,-15,-15,4,-15,-14,-28,-6,-22]} 1. e4 c5 2. Nf3 d6 3. c3 Nf6 4. Bb5+ Nbd7 5. d3 a6 6. Ba4 {B51: Sizilianisch (Rossolimo-Variante)} g6 (6... e5 7. O-O Be7 8. Nbd2 O-O 9. Re1 b5 10. Bc2 Re8 11. Nf1 Bb7 12. a3 Bf8 13. c4 g6 {½-½ (41) Fedoseev,V (2663)-Prizant,J (2521) Loo 2014}) 7. O-O Bg7 {LiveBook: 9 Partien} 8. Bc2 b5 9. d4 $146 ({Vorgänger:} 9. Qe2 Qc7 10. h3 e5 11. a4 Rb8 12. axb5 axb5 13. Bg5 h6 {0-1 (41) Dasaolu,R (2064)-Madina Yadarola,M (2167) Caleta 2018}) 9... Bb7 10. Nbd2 Qc7 11. a4 O-O 12. Re1 cxd4 13. cxd4 e5 14. dxe5 dxe5 15. axb5 axb5 16. Rxa8 Bxa8 17. Nb3 1/2-1/2

[Event "POR-chT 1st Divison 2018"]
[Site "Maia"]
[Date "2018.07.17"]
[Round "2"]
[White "Iruzubieta Villaluenga, Jesus"]
[Black "Korneev, Oleg"]
[Result "1/2-1/2"]
[WhiteElo "2439"]
[BlackElo "2506"]
[Annotator "TA"]
[PlyCount "30"]
[EventDate "2018.07.16"]
[EventType "team-tourn"]
[EventCountry "POR"]
[SourceTitle "playchess.com"]
[Source "ChessBase"]
[SourceQuality "1"]

{[%evp 18,30,-8,-23,-16,-25,-25,-23,-24,-16,-11,-25,0,0,13]} 1. e4 c5 2. Nc3 e6 3. Nge2 Nc6 4. g3 d5 5. exd5 exd5 6. Bg2 d4 7. Nd5 Bd6 {B23: Closed Sicilian: Lines without g3} (7... Nf6 8. Nef4 Nxd5 9. Nxd5 Bd6 10. O-O O-O 11. d3 Be6 12. Qh5 Qd7 13. Re1 Bg4 14. Qh4 Ne5 15. h3 Be6 16. Qh5 Rad8 17. Nf4 Bf5 18. b3 Rfe8 19. Bd2 {1-0 (84) Reinderman,D (2593)-Yu,Y (2677) Wijk aan Zee 2014}) 8. Nef4 Nge7 9. O-O O-O 10. d3 {LiveBook: 7 Games} Bf5 11. Re1 $146 ({Predecessor:} 11. c4 dxc3 12. bxc3 Qd7 13. d4 cxd4 14. cxd4 Nxd5 15. Nxd5 {0-1 (41) Ketchum,R-Jacobs,J (2290) Dallas 1996}) 11... Qd7 12. Nxe7+ Nxe7 13. Qf3 Rae8 {[#] Strongly threatening ...Bg4.} 14. Bd2 b6 15. a4 Ng6 1/2-1/2

[Event "POR-chT 1st Divison 2018"]
[Site "Maia"]
[Date "2018.07.17"]
[Round "2"]
[White "Fernandes, Antonio"]
[Black "Cruz, Jorge Filipe Egas"]
[Result "1-0"]
[WhiteElo "2403"]
[BlackElo "2159"]
[Annotator "NA"]
[PlyCount "85"]
[EventDate "2018.07.16"]
[EventType "team-tourn"]
[EventCountry "POR"]
[SourceTitle "playchess.com"]
[Source "ChessBase"]
[SourceQuality "1"]
[TimeControl "5400+30"]

1. Nf3 {[%emt 0:00:00]} d5 {[%emt 0:01:46]} 2. g3 {[%emt 0:00:00]} Nf6 {[%emt 0:01:32]} 3. Bg2 {[%emt 0:00:00]} e6 {[%emt 0:00:07]} 4. O-O {[%emt 0:00:00]} Be7 {[%emt 0:00:05]} 5. d4 {[%emt 0:00:00]} O-O {[%emt 0:00:16]} 6. c4 {[%emt 0:00:07]} Nbd7 {[%emt 0:00:29]} 7. Qc2 {[%emt 0:01:32]} c6 {[%emt 0:00:57]} 8. b3 {[%emt 0:00:26]} b6 {[%emt 0:00:55]} 9. Nc3 {[%emt 0:02:15]} Ba6 {[%emt 0:05:58]} 10. Nd2 {[%emt 0:05:43] LiveBook: 15 Games} Rc8 {[%emt 0:03:18]} 11. e4 {[%emt 0:11:36]} Qc7 $14 {[%emt 0:15:23]} ({Besser ist} 11... b5 $11) 12. Re1 {[%emt 0:14:13]} Bb7 {[%emt 0:19:11]} 13. Bb2 {[%emt 0:04:55]} Rfd8 {[%emt 0:05:04]} 14. Rad1 {[%emt 0:12:34]} Qb8 {[%emt 0:04:59]} 15. Qb1 {[%emt 0:09:31]} Qa8 {[%emt 0:05:16]} 16. a3 {[%emt 0:02:19]} Bf8 {[%emt 0:02:29]} 17. Nf1 {[%emt 0:12:01]} c5 {[%emt 0:10:01]} 18. cxd5 {[%emt 0:06:09]} exd5 {[%emt 0:04:37]} 19. e5 {[%emt 0:01:53]} cxd4 {[%emt 0:07:56]} 20. Rxd4 {[%emt 0:00:51]} Ne4 {[%emt 0:02:48]} 21. Nxe4 {[%emt 0:06:05]} dxe4 {[%emt 0:00:26]} 22. Bxe4 {[%emt 0:00:32]} Bxe4 {[%emt 0:00:50]} 23. Rdxe4 {[%emt 0:00:26]} Nc5 {[%emt 0:01:36]} 24. R4e3 {[%emt 0:00:21]} Qd5 {[%emt 0:01:08]} 25. b4 {[%emt 0:01:39]} Ne6 {[%emt 0:00:41]} 26. h4 {[%emt 0:00:17]} a5 {[%emt 0:02:40]} 27. Bc3 {[%emt 0:01:23]} axb4 {[%emt 0:02:04]} 28. axb4 {[%emt 0:00:27]} Rc4 {[%emt 0:00:29]} 29. Qb3 {[%emt 0:03:52]} b5 {[%emt 0:00:52]} 30. R1e2 {[%emt 0:03:21]} Nd4 {[%emt 0:00:31]} 31. Bxd4 {[%emt 0:00:14]} Rxd4 {[%emt 0:00:23]} 32. Qxd5 {[%emt 0:00:34]} R8xd5 {[%emt 0:00:10]} 33. e6 {[%emt 0:00:22]} fxe6 {[%emt 0:00:05]} 34. Rxe6 {[%emt 0:00:05]} Rxb4 {[%emt 0:00:45]} 35. Re8 {[%emt 0:00:25]} Rb1 {[%emt 0:01:01]} 36. Kg2 {[%emt 0:00:23]} Kf7 {[%emt 0:00:14]} 37. Rb8 {[%emt 0:00:26]} Bc5 {[%emt 0:00:53]} 38. Rb7+ {[%emt 0:00:38]} Kf6 {[%emt 0:00:12]} 39. Nd2 {[%emt 0:00:24]} Rd1 {[%emt 0:00:41]} 40. Ne4+ {[%emt 0:00:41]} Kg6 {[%emt 0:00:19]} 41. Nc3 {[%emt 0:00:21]} R1d2 {[%emt 0:00:24]} 42. Nxd5 {[%emt 0:00:04]} Rxd5 {[%emt 0:00:40]} 43. Rxb5 {[%emt 0:00:04]} 1-0

[Event "POR-chT 1st Divison 2018"]
[Site "Maia"]
[Date "2018.07.17"]
[Round "2"]
[White "Vassallo Barroche, Mauricio"]
[Black "Pereira, Ruben"]
[Result "0-1"]
[WhiteElo "2386"]
[BlackElo "2420"]
[Annotator "NA"]
[PlyCount "92"]
[EventDate "2018.07.16"]
[EventType "team-tourn"]
[EventCountry "POR"]
[SourceTitle "playchess.com"]
[Source "ChessBase"]
[SourceQuality "1"]
[TimeControl "5400+30"]

1. Nf3 {[%emt 0:02:23]} c5 {[%emt 0:00:01]} 2. e4 {[%emt 0:04:39]} d6 {[%emt 0:00:58]} 3. c3 {[%emt 0:00:59]} Nf6 {[%emt 0:00:38]} 4. Be2 {[%emt 0:00:08]} Nbd7 {[%emt 0:00:33]} 5. d3 {[%emt 0:00:10]} e5 {[%emt 0:03:21] B50: Sizilianisch (Verschiedenes mit 2...d6)} (5... b6 6. O-O e6 7. Nbd2 Bb7 8. Re1 Be7 9. Bf1 e5 10. d4 cxd4 11. cxd4 exd4 12. Nxd4 O-O 13. b3 Re8 {½-½ (46) Ganguly,S (2668)-Salem,A (2656) Doha 2016}) 6. O-O {[%emt 0:00:51] LiveBook: 4 Games} Be7 {[%emt 0:00:07]} 7. Re1 {[%emt 0:04:06]} O-O {[%emt 0:00:56]} 8. Bf1 {[%emt 0:00:08]} Re8 {[%emt 0:00:28]} 9. Nbd2 {[%emt 0:08:29]} Bf8 $146 {[%emt 0:02:19]} ({Vorgänger:} 9... Rb8 10. a4 b6 11. Nc4 Bf8 12. Ne3 Bb7 13. Qb3 {½-½ (73) Alavkin,A (2375)-Dubinsky,R (2295) Novgorod 1997}) 10. a4 {[%emt 0:02:40]} b6 {[%emt 0:02:20]} 11. a5 {[%emt 0:06:56]} b5 {[%emt 0:02:00]} 12. d4 {[%emt 0:08:29]} a6 {[%emt 0:00:44]} 13. b3 {[%emt 0:08:01]} exd4 {[%emt 0:03:52]} 14. cxd4 {[%emt 0:00:01]} cxd4 {[%emt 0:00:25]} 15. Nxd4 {[%emt 0:01:41]} Bb7 {[%emt 0:00:13]} 16. Bb2 {[%emt 0:00:39]} Nxe4 {[%emt 0:03:50]} 17. Nf5 {[%emt 0:05:50]} Qg5 {[%emt 0:32:45]} 18. Nxe4 {[%emt 0:01:22]} Qxf5 {[%emt 0:09:27]} 19. Nxd6 {[%emt 0:04:36]} Rxe1 $1 {[%emt 0:01:11]} 20. Nxf5 {[%emt 0:00:05]} Rxd1 {[%emt 0:00:06]} 21. Rxd1 {[%emt 0:00:08]} Nc5 {[%emt 0:00:05]} 22. b4 {[%emt 0:03:21]} Na4 {[%emt 0:01:59]} 23. Be5 {[%emt 0:02:08]} Bxb4 {[%emt 0:07:24]} 24. Rd7 {[%emt 0:10:50]} Bc6 {[%emt 0:00:40]} 25. Rc7 {[%emt 0:01:03]} Be4 {[%emt 0:00:11]} 26. Nxg7 {[%emt 0:01:27]} Bxa5 {[%emt 0:00:38]} 27. Re7 {[%emt 0:00:18]} Bb4 $17 {[%emt 0:03:38]} (27... Kf8 $142 28. Bd6 Rd8 29. Rxe4+ Rxd6) 28. Rc7 {[%emt 0:01:22]} Bg6 {[%emt 0:01:51]} 29. g4 {[%emt 0:01:52]} Ba5 {[%emt 0:08:44]} 30. Re7 {[%emt 0:00:20]} Bc3 {[%emt 0:05:58]} 31. Bxc3 {[%emt 0:03:10]} Nxc3 {[%emt 0:00:06]} 32. Nf5 {[%emt 0:00:03]} Bxf5 {[%emt 0:00:06]} 33. gxf5 {[%emt 0:00:02]} Kg7 {[%emt 0:00:33]} 34. Rc7 {[%emt 0:00:09]} Nd5 {[%emt 0:00:13]} 35. Rb7 {[%emt 0:00:10]} Kf6 {[%emt 0:01:51]} 36. Rd7 {[%emt 0:01:49]} Nf4 {[%emt 0:01:56]} 37. h3 {[%emt 0:00:12]} h5 {[%emt 0:00:48]} 38. Kh2 {[%emt 0:01:09]} h4 {[%emt 0:00:12]} 39. Rb7 {[%emt 0:00:04]} Kxf5 {[%emt 0:02:05]} 40. Rxf7+ {[%emt 0:00:05]} Ke4 {[%emt 0:00:48]} 41. Rb7 {[%emt 0:00:06]} Kf3 {[%emt 0:00:49]} 42. Rf7 {[%emt 0:00:06]} Rg8 {[%emt 0:00:42]} 43. Rf6 {[%emt 0:02:02]} Rg6 {[%emt 0:00:13]} 44. Rf7 {[%emt 0:00:16]} b4 {[%emt 0:00:32]} 45. Kh1 {[%emt 0:03:21]} a5 {[%emt 0:01:22]} 46. Bc4 {[%emt 0:00:05]} Rd6 {[%emt 0:00:17]} 0-1

[Event "POR-chT 1st Divison 2018"]
[Site "Maia"]
[Date "2018.07.17"]
[Round "2"]
[White "Sousa, Andre Ventura"]
[Black "Lombaers, Peter"]
[Result "0-1"]
[WhiteElo "2373"]
[BlackElo "2361"]
[Annotator "NA"]
[PlyCount "82"]
[EventDate "2018.07.16"]
[EventType "team-tourn"]
[EventCountry "POR"]
[SourceTitle "playchess.com"]
[Source "ChessBase"]
[SourceQuality "1"]
[TimeControl "5400+30"]

1. e4 {[%emt 0:00:00]} c5 {[%emt 0:00:00]} 2. Nf3 {[%emt 0:00:00]} e6 {[%emt 0:00:00]} 3. d4 {[%emt 0:00:00]} cxd4 {[%emt 0:00:00]} 4. Nxd4 {[%emt 0:00:00]} Nc6 {[%emt 0:00:00]} 5. Nc3 {[%emt 0:00:00]} Qc7 {[%emt 0:00:00]} 6. Be3 {[%emt 0:00:00]} a6 {[%emt 0:00:04]} 7. Qf3 {[%emt 0:00:00]} d6 {[%emt 0:00:05]} 8. O-O-O {[%emt 0:00:00]} Bd7 {[%emt 0:00:17]} 9. Qg3 {[%emt 0:01:29]} Nf6 {[%emt 0:00:08]} 10. Nxc6 {[%emt 0:00:19]} Bxc6 {[%emt 0:01:06]} 11. f3 {[%emt 0:00:03]} b5 {[%emt 0:10:08]} 12. Kb1 {[%emt 0:03:42]} Rc8 {[%emt 0:06:40]} 13. a3 {[%emt 0:07:55]} Qb7 {[%emt 0:09:46]} 14. Na2 {[%emt 0:31:40]} a5 {[%emt 0:08:57]} 15. Bd2 {[%emt 0:04:50]} Ra8 {[%emt 0:12:25]} 16. Qe1 {[%emt 0:09:23]} Qb6 {[%emt 0:12:49]} 17. Qe3 {[%emt 0:13:22]} Qb7 $11 {[%emt 0:03:35]} 18. Qe1 {[%emt 0:03:10]} Qb6 {[%emt 0:01:43]} 19. Qe3 {[%emt 0:06:37]} Qb8 {[%emt 0:00:07]} 20. g4 {[%emt 0:07:34]} Nd7 {[%emt 0:11:28]} 21. Qe1 {[%emt 0:02:15]} Ne5 {[%emt 0:03:25]} 22. Bxa5 {[%emt 0:01:30]} Nxf3 {[%emt 0:00:45]} 23. Qc3 {[%emt 0:00:16]} Ne5 {[%emt 0:00:55]} 24. Bd3 {[%emt 0:03:50]} Be7 25. Rhg1 O-O {[%emt 0:01:17]} 26. Bb4 {[%emt 0:02:32]} Rc8 {[%emt 0:08:28]} 27. Qb3 {[%emt 0:01:55]} Qb7 28. Bc3 Nxd3 {[%emt 0:03:04]} 29. cxd3 {[%emt 0:00:41]} d5 30. Nb4 {[%emt 0:00:59]} dxe4 {[%emt 0:01:10]} 31. dxe4 {[%emt 0:00:03]} Bxe4+ {[%emt 0:02:04]} 32. Ka1 {[%emt 0:00:52]} Rc4 {[%emt 0:01:16]} 33. Rd2 Bxb4 {[%emt 0:00:04]} 34. Bxb4 {[%emt 0:00:35]} Bd5 {[%emt 0:00:08]} 35. Rxd5 {[%emt 0:00:59]} Qxd5 36. Bc3 {[%emt 0:00:02]} b4 {[%emt 0:03:16]} 37. Rd1 {[%emt 0:01:16]} Qc5 38. Bd2 bxa3 {[%emt 0:00:26]} 39. Ba5 {[%emt 0:00:36]} Rc1+ {[%emt 0:01:12]} 40. Ka2 {[%emt 0:00:05]} Rxd1 {[%emt 0:00:08]} 41. Qxd1 {[%emt 0:00:05]} Qxa5 {[%emt 0:00:06]} 0-1

[Event "POR-chT 1st Divison 2018"]
[Site "Maia"]
[Date "2018.07.17"]
[Round "2"]
[White "Alshameary Puente, Ismael"]
[Black "Oratovsky, Michael"]
[Result "1/2-1/2"]
[WhiteElo "2352"]
[BlackElo "2474"]
[Annotator "TA"]
[PlyCount "65"]
[EventDate "2018.07.16"]
[EventType "team-tourn"]
[EventCountry "POR"]
[SourceTitle "playchess.com"]
[Source "ChessBase"]
[SourceQuality "1"]

{[%evp 25,65,31,34,25,60,62,77,76,84,75,67,64,51,59,46,29,62,0,0,0,0,0,0,0,0,10,70,-82,-92,-85,-78,-79,-63,-75,0,-12,0,0,0,-15,0,0]} 1. d4 d6 2. Nf3 Nf6 3. c4 g6 4. g3 Bg7 5. Bg2 O-O 6. Nc3 Nbd7 7. O-O e5 8. e4 c6 9. h3 Qa5 10. Re1 exd4 11. Nxd4 Ne5 12. Bf1 Qb6 {E69: King's Indian: Fianchetto: 6...Nbd7 7 0-0 e5 8 e4 c6 9 h3} 13. Be3 c5 {LiveBook: 4 Games} 14. Nc2 (14. Nb3 Be6 15. Nd5 Bxd5 16. exd5 Rae8 17. Kg2 Re7 18. Qc2 Rfe8 19. Bd2 Qd8 20. a4 {0-1 (38) Howell,D (2676)-McShane,L (2640) London 2017}) 14... Be6 {White has an edge.} 15. b3 Nfd7 $146 {With the idea ...Nxc4.} ({Predecessor:} 15... Qa5 16. Bd2 Ne8 17. Re3 Qd8 18. Nd5 Qd7 19. Nf4 g5 20. Nxe6 fxe6 {½-½ (29) Chiburdanidze,M (2497)-Kovalevskaya,E (2466) Hyderabad 2002}) 16. Nd5 Bxd5 17. cxd5 Nf6 18. f4 Ned7 19. Bf2 Rfe8 20. Qf3 Qa5 21. a4 (21. Bd3 $14) 21... Nxe4 22. Rxe4 Rxe4 23. Qxe4 {[#] Strongly threatening Rb1.} Bxa1 24. Nxa1 {Qe7 is the strong threat.} Nf6 25. Qd3 Re8 (25... b5 $1 $11) 26. Bg2 $2 {[#]} (26. Nc2 $14 {keeps the upper hand.}) 26... Re1+ $1 $17 {[%mdl 512]} 27. Bxe1 Qxe1+ 28. Qf1 Qxg3 29. f5 {next fxg6 is good for White.} Qe3+ ({Black should try} 29... Kg7 $17) 30. Qf2 $1 $11 {[%cal Rf2e3] The position is equal.} Qc1+ 31. Qf1 Qe3+ 32. Qf2 $1 {[%cal Rf2e3]} Qc1+ 33. Qf1 {Precision: White = 53%, Black = 52%.} 1/2-1/2